[Event "VÃ¥rturnering Ås"]
[Site "Ås"]
[Date "1984.02.21"]
[Round "4"]
[White "Lindstad, Ole Petter"]
[Black "Lea, Per"]
[Result "0-1"]
[WhiteElo "773"]
[BlackElo "1788"]
[PlyCount "100"]
[EventDate "1984.??.??"]

1. e4 e5 2. Nf3 Nc6 3. Bb5 a6 4. Ba4 Nf6 5. O-O Be7 6. Re1 b5 7. Bb3 O-O 8. c3
d5 9. d4 exd4 10. e5 Ne4 11. cxd4 Bg4 12. Nc3 Nxc3 13. bxc3 Na5 14. Bc2 Bh5 15.
Qd3 Bg6 16. Qd2 Nc4 17. Qd1 Bxc2 18. Qxc2 c6 19. Qf5 g6 20. Qh3 Rc8 21. Qh6 f6
22. exf6 Bxf6 23. Bg5 Qd7 24. Re2 Nd6 25. Ne5 Qf5 26. Bxf6 Rxf6 27. Rae1 Ne4
28. Qe3 Qf4 29. Qxf4 Rxf4 30. Re3 Nxf2 31. Rf1 Rcf8 32. Re2 Nh3+ 33. gxh3 Rxf1+
34. Kg2 Rc1 35. Nxc6 Rxc3 36. Ne7+ Kg7 37. Nxd5 Rc4 38. Rd2 Rf5 39. Ne3 Rc6 40.
Nxf5+ gxf5 41. Kf3 Kf6 42. Kf4 Rd6 43. d5 a5 44. Ke3 Ke5 45. Rb2 Rxd5 46. Kf3
b4 47. a4 Rd3+ 48. Ke2 Rxh3 49. Rb1 Rxh2+ 50. Kf3 Ra2 0-1

[Event "Høstturnering"]
[Site "ÅS"]
[Date "1985.??.??"]
[Round "?"]
[White "Wilberg, Alf"]
[Black "Samset, Jon"]
[WhiteElo "1364"]
[BlackElo "936"]
[Result "1/2-1/2"]
[PlyCount "43"]
[EventDate "1985.10.01"]
1. d4 d5 2. Nf3 Nf6 3. Bf4 Bf5 4. e3 e6 5. Nbd2 Be7 6. Ne5 Nbd7 7. Ndf3 Ne4 8.
Bd3 h5 9. Nxd7 Qxd7 10. Ne5 Qa4 11. f3 Nd6 12. Bxf5 exf5 13. Qd3 g5 14. Bg3 Rg8
15. Qb3 Qa5+ 16. c3 f6 17. Nd3 O-O-O 18. Qc2 h4 19. b4 Qb5 20. a4 Qe8 21. Bxd6
Bxd6 22. Kd2 1/2-1/2

[Event "Høstturnering"]
[Site "Ås"]
[Date "1985.10.01"]
[Round "1"]
[White "Lea, Per"]
[Black "Wilberg, Alf"]
[WhiteElo "1693"]
[BlackElo "1364"]
[Result "1-0"]
[PlyCount "57"]
[EventDate "1985.10.01"]
1.e4 b6 2.d4 e6 3.g3 Bb7 4.Bg2 Nf6 5.Bg5 Be7 6.Nc3 h6 7.Bxf6 Bxf6 8.
Nf3 d6 9.Qd2 Nd7 10.O-O O-O 11.Rad1 c6 12.Rfe1 d5 13.e5 Be7 14.Ne2 c5
15.c3 Rc8 16.Nf4 Nb8 17.dxc5 bxc5 18.a3 c4 19.Nd4 Nc6 20.Ndxe6 fxe6
21.Nxe6 Qb6 22.Nxf8 Rxf8 23.Qxd5+ Kh8 24.Rf1 Bc5 25.Qe6 Rxf2 26.Rxf2
Bxf2+ 27.Kf1 Nxe5 28.Qxe5 Bxg2+ 29.Kxg2
1-0

[Event "Høstturnering"]
[Site "Ås"]
[Date "1985.10.15"]
[Round "2"]
[White "Kristiansen, Tore Knut"]
[Black "Lea, Per"]
[WhiteElo "1466"]
[BlackElo "1693"]
[Result "1/2-1/2"]
[PlyCount "76"]
[EventDate "1985.10.01"]
1.c4 Nf6 2.Nc3 g6 3.g3 Bg7 4.Bg2 O-O 5.e4 d6 6.d4 Nbd7 7.Nf3 c5 8.
d5 a6 9.a4 Rb8 10.O-O Ne8 11.Re1 Nc7 12.Bf1 Ne5 13.Nxe5 Bxe5 14.Qc2
Bd7 15.Bh6 Bg7 16.Bxg7 Kxg7 17.Rab1 b5 18.b3 b4 19.Nd1 Ne8 20.Ne3 Nf6
21.f4 Qc7 22.f5 a5 23.Qb2 Kg8 24.Bd3 e5 25.g4 g5 26.h4 h6 27.hxg5
hxg5 28.Kg2 Kg7 29.Rh1 Rh8 30.Qd2 Rxh1 31.Rxh1 Rh8 32.Rxh8 Kxh8 33.
Nf1 Nh7 34.Ng3 f6 35.Kf3 Be8 36.Qh2 Qg7 37.Be2 Kg8 38.Kg2 Kf7
1/2-1/2

[Event "Høstturnering"]
[Site "Ås"]
[Date "1985.10.29"]
[Round "4"]
[White "Samset, Jon"]
[Black "Lea, Per"]
[WhiteElo "936"]
[BlackElo "1693"]
[Result "0-1"]
[PlyCount "93"]
[EventDate "1985.10.01"]
1.Nf3 Nf6 2.g3 b5 3.Bg2 Bb7 4.d4 e6 5.O-O c5 6.Bg5 h6 7.Bxf6 Qxf6 8.
c3 d5 9.e3 a6 10.a3 Nc6 11.Qc2 Be7 12.Rd1 O-O 13.Nbd2 Rfc8 14.Nb3 c4
15.Nc1 Na5 16.Ne5 Bd6 17.Nf3 Rc7 18.Qe2 Rac8 19.Nd2 Qd8 20.e4 dxe4
21.Nxe4 Be7 22.Qh5 Bf8 23.g4 g6 24.Qh3 Bg7 25.f4 Rd7 26.g5 Bxe4 27.
Bxe4 hxg5 28.Rf1 Rxd4 29.Bxg6 Rxf4 30.Bh7+ Kf8 31.Rxf4 gxf4 32.Ne2 Qd2
33.Qf1 Qe3+ 34.Kh1 e5 35.Rd1 Nb3 36.Qe1 Nc5 37.Ng1 Qxe1 38.Rxe1 Nd3
39.Rb1 Re8 40.b4 e4 41.Kg2 Bxc3 42.h4 Re5 43.Ne2 f3+ 44.Kf1 fxe2+ 45.
Kxe2 Kg7 46.Bxe4 Rxe4+ 47.Kf3
0-1

[Event "Høstturnering"]
[Site "Ås"]
[Date "1985.11.05"]
[Round "5"]
[White "Lea, Per"]
[Black "Skotland, Petter"]
[WhiteElo "1693"]
[BlackElo "748"]
[Result "1-0"]
[PlyCount "33"]
[EventDate "1985.10.01"]
1.e4 g6 2.d4 Bg7 3.c4 c5 4.d5 d6 5.f4 e5 6.Qc2 f5 7.Bd3 Qf6 8.fxe5
Qxe5 9.Nf3 Qe7 10.O-O fxe4 11.Bxe4 Nf6 12.Bxg6+ Kd8 13.Re1 Qd7 14.Ng5
Rf8 15.Ne6+ Ke7 16.Nxg7+ Kd8 17.Ne6+
1-0

[Event "Høstturnering"]
[Site "Ås"]
[Date "1985.11.12"]
[Round "6"]
[White "Johansen, Anders Sten"]
[Black "Lea, Per"]
[WhiteElo "1087"]
[BlackElo "1693"]
[Result "0-1"]
[PlyCount "34"]
[EventDate "1985.10.01"]
1.e4 e5 2.Nf3 Nc6 3.c3 d5 4.Qa4 f6 5.Bb5 Ne7 6.exd5 Qxd5 7.d4 e4 8.
c4 Qf5 9.d5 exf3 10.dxc6 Qe4+ 11.Be3 Nxc6 12.Nc3 fxg2 13.Rg1 Qf3 14.
Nd5 Bd6 15.Bxc6+ bxc6 16.Qxc6+ Kf7 17.Qxa8 Bg4
0-1

[Event "Vårturnering"]
[Site "Ås"]
[Date "1986.02.25"]
[Round "1a"]
[White "Lea, Per"]
[Black "Stensland, Martin"]
[WhiteElo "1712"]
[BlackElo "1228"]
[Result "1-0"]
[PlyCount "59"]
[EventDate "1986.02.25"]
1.e4 e6 2.d4 d5 3.Nc3 Nf6 4.Bg5 Be7 5.e5 Nfd7 6.h4 a6 7.Qg4 g6 8.
Bh6 Nc6 9.O-O-O Bb4 10.Nb1 Qe7 11.Bd3 Nb6 12.Bg5 Qf8 13.h5 Bd7 14.Nf3
Be7 15.Bxe7 Nxe7 16.Ng5 O-O-O 17.hxg6 hxg6 18.Rxh8 Qxh8 19.Nxf7 Qf8
20.Nxd8 Qh6+ 21.Nd2 Kxd8 22.Kb1 Be8 23.Qxe6 Bd7 24.Qf6 Be8 25.Nf3 Nd7
26.Qh4 Qg7 27.Ng5 Nf8 28.Rh1 Kd7 29.Qh8 Qxh8 30.Rxh8
1-0

[Event "Vårturnering"]
[Site "Ås"]
[Date "1986.05.20"]
[Round "1b"]
[White "Lea, Per"]
[Black "Hagen, Geir"]
[WhiteElo "1712"]
[BlackElo "809"]
[Result "1-0"]
[PlyCount "67"]
[EventDate "1986.02.25"]
1.e4 e5 2.Nf3 Nc6 3.Bb5 Nf6 4.O-O Nxe4 5.d4 Bd6 6.Re1 Nf6 7.Bxc6
dxc6 8.dxe5 O-O 9.exd6 cxd6 10.Bg5 Be6 11.Nc3 d5 12.Nd4 Re8 13.Nxe6
Rxe6 14.Rxe6 fxe6 15.Qd4 Qd7 16.Bxf6 gxf6 17.Qxf6 a6 18.Re1 Rf8 19.
Qxe6+ Qxe6 20.Rxe6 Kf7 21.Rh6 Re8 22.Kf1 Kg7 23.Rd6 Re7 24.f4 Rf7 25.
Ne2 h5 26.h3 h4 27.Kf2 Rf5 28.Rd7+ Kg6 29.Rxb7 c5 30.Rb6+ Kh5 31.g4+
hxg3+ 32.Nxg3+ Kh4 33.Rh6+ Rh5 34.Rxh5#
1-0

[Event "Vårturnering"]
[Site "Ås"]
[Date "1986.03.04"]
[Round "2"]
[White "Lea, Per"]
[Black "Flø, Ivar Jan"]
[WhiteElo "1712"]
[BlackElo "793"]
[Result "1-0"]
[PlyCount "27"]
[EventDate "1986.02.25"]
1.e4 e5 2.Nf3 Nc6 3.Bb5 a6 4.Ba4 b5 5.Bb3 Bb4 6.O-O Nf6 7.c3 Ba5 8.
Re1 O-O 9.d3 Bb7 10.Bg5 Qe8 11.Nh4 b4 12.Nf5 g6 13.Bxf6 Nd8 14.Nh6#
1-0

[Event "Vårturnering"]
[Site "Ås"]
[Date "1986.03.11"]
[Round "3"]
[White "Johansen, Anders Sten"]
[Black "Lea, Per"]
[WhiteElo "1182"]
[BlackElo "1712"]
[Result "1/2-1/2"]
[PlyCount "39"]
[EventDate "1986.02.25"]
1.e4 e5 2.Nf3 Nc6 3.Bb5 a6 4.Ba4 Nf6 5.O-O Be7 6.Re1 b5 7.Bb3 O-O 8.
c3 d5 9.exd5 Nxd5 10.Nxe5 Nxe5 11.Rxe5 Nf6 12.d4 Bd6 13.Re1 Ng4 14.h3
Qh4 15.Qf3 Nxf2 16.Bd2 Bxh3 17.gxh3 Nxh3+ 18.Kf1 Ng5 19.Bxg5 Qxg5 20.
Na3
1/2-1/2

[Event "Vårturnering"]
[Site "Ås"]
[Date "1986.03.18"]
[Round "4"]
[White "Lea, Per"]
[Black "Skotland, Petter"]
[WhiteElo "1712"]
[BlackElo "751"]
[Result "1-0"]
[PlyCount "83"]
[EventDate "1986.02.25"]
1.e4 c5 2.Nf3 d6 3.d4 cxd4 4.Nxd4 Nf6 5.Nc3 a6 6.Bg5 e6 7.f4 Be7 8.
Qf3 O-O 9.O-O-O Nbd7 10.Bc4 Qc7 11.Bxe6 b5 12.e5 Bb7 13.Qh3 dxe5 14.
Bxd7 Rad8 15.fxe5 Qxe5 16.Bxf6 Qf4+ 17.Kb1 Bxf6 18.Rhf1 Qh4 19.Qxh4
Bxh4 20.Bh3 g6 21.g3 Be7 22.Bg4 Bc5 23.Bf3 Bxd4 24.Bxb7 Bxc3 25.bxc3
a5 26.Bd5 Rd7 27.Bc6 Rc7 28.Bxb5 Rxc3 29.Kb2 Rc7 30.Rd7 Rxd7 31.Bxd7
f5 32.Re1 Kf7 33.c4 Rd8 34.Rd1 Ke7 35.Ba4 Rb8+ 36.Kc3 Rd8 37.Rxd8
Kxd8 38.Kd4 Ke7 39.Ke5 Kf7 40.c5 Ke7 41.c6 Kd8 42.Kd6
1-0

[Event "Vårturnering"]
[Site "Ås"]
[Date "1986.03.11"]
[Round "5"]
[White "Skaug, Thorbjørn"]
[Black "Lea, Per"]
[WhiteElo "1222"]
[BlackElo "1712"]
[Result "1/2-1/2"]
[PlyCount "114"]
[EventDate "1986.02.25"]
1.b4 e5 2.Bb2 Bxb4 3.Bxe5 Nf6 4.c4 Nc6 5.Bb2 O-O 6.e3 d5 7.Nf3 Bg4
8.h3 Bh5 9.Be2 Re8 10.Qc1 d4 11.O-O Ne5 12.Nxd4 Bxe2 13.Nxe2 Nd3 14.
Qc2 Ne4 15.Bc3 Bxc3 16.Nbxc3 Nexf2 17.Rxf2 Nxf2 18.Kxf2 Qh4+ 19.Kg1
Qxc4 20.Qb3 Qxb3 21.axb3 a6 22.Nd5 Rac8 23.Rc1 c6 24.Nb6 Rcd8 25.Rc2
Rd3 26.Nc1 Rd6 27.Nc4 Rd5 28.Ne2 Red8 29.Nf4 R5d7 30.d4 g6 31.Kf2 Re7
32.g4 Kg7 33.h4 f6 34.g5 f5 35.Ne5 Rc8 36.h5 gxh5 37.Nxh5+ Kg8 38.
Nf6+ Kg7 39.Kf3 h6 40.Nh5+ Kh7 41.Rh2 Rxe5 42.dxe5 hxg5 43.Nf6+ Kg6
44.e4 Rc7 45.Rh8 Re7 46.Re8 Rxe8 47.Nxe8 fxe4+ 48.Kxe4 g4 49.Nd6 Kg5
50.Nxb7 g3 51.Kf3 Kf5 52.e6 Kxe6 53.Nc5+ Kd5 54.Nxa6 Kd4 55.Kxg3 Kc3
56.b4 Kc4 57.Kf3 Kb5
1/2-1/2

[Event "Vårturnering"]
[Site "Ås"]
[Date "1986.05.20"]
[Round "6"]
[White "Lea, Per"]
[Black "Kristiansen, Tore Knut"]
[WhiteElo "1712"]
[BlackElo "1397"]
[Result "1-0"]
[PlyCount "85"]
[EventDate "1986.02.25"]
1.e4 e5 2.Nf3 Nc6 3.Bb5 a6 4.Ba4 Nf6 5.O-O Be7 6.Re1 b5 7.Bb3 O-O 8.
c3 d5 9.exd5 e4 10.Ng5 Ne5 11.d4 Nd3 12.Re2 Bg4 13.f3 Nxc1 14.Qxc1
exf3 15.Nxf3 Bxf3 16.gxf3 Re8 17.a4 Nxd5 18.axb5 Bg5 19.Rxe8+ Qxe8 20.
Qxg5 Qe1+ 21.Kg2 Ne3+ 22.Kh3 Qf1+ 23.Kg3 Qg1+ 24.Kf4 Ng2+ 25.Kf5 Qxh2
26.Rxa6 Qh3+ 27.Qg4 Ne3+ 28.Kf4 Qh6+ 29.Rxh6 Nxg4 30.Ra6 Rd8 31.Kxg4
g6 32.Rf6 Rd7 33.Nd2 Kg7 34.Ne4 h6 35.f4 Re7 36.Rxf7+ Rxf7 37.Bxf7
Kxf7 38.Nd6+ Ke7 39.Ne4 Ke6 40.c4 h5+ 41.Kg5 h4 42.d5+ Kf7 43.Kxh4
1-0

[Event "Vårturnering"]
[Site "Ås"]
[Date "1986.04.01"]
[Round "7"]
[White "Roberts, Dewi S"]
[Black "Lea, Per"]
[WhiteElo "989"]
[BlackElo "1712"]
[Result "0-1"]
[PlyCount "78"]
[EventDate "1986.02.25"]
1.e4 e5 2.Nf3 Nc6 3.Bb5 a6 4.Ba4 Nf6 5.O-O Be7 6.Nc3 b5 7.Bb3 d6 8.
Re1 Bg4 9.Nd5 Nd4 10.Nxf6+ Bxf6 11.Bd5 c6 12.c3 Nxf3+ 13.gxf3 Bd7 14.
Bb3 O-O 15.d3 Kh8 16.Kh1 Bh4 17.Be3 f5 18.exf5 Rxf5 19.Qe2 Qf6 20.f4
exf4 21.Bd4 Qh6 22.Rg1 Bf6 23.Be6 Bxe6 24.Qxe6 Rh5 25.Rge1 Rxh2+ 26.
Kg1 Rh1+ 27.Kg2 Qh2+ 28.Kf3 Qh5+ 29.Kg2 f3+ 30.Kg3 Bh4+ 31.Kf4 Rf8+
32.Bf6 Qg5+ 33.Ke4 Rxe1+ 34.Rxe1 Qg6+ 35.Qf5 d5+ 36.Kf4 Rxf6 37.Re5
Rxf5+ 38.Rxf5 h5 39.Rf8+ Kh7
0-1

[Event "Vårturnering"]
[Site "Ås"]
[Date "1986.04.29"]
[Round "8"]
[White "Lea, Per"]
[Black "Samset, Jon"]
[WhiteElo "1712"]
[BlackElo "955"]
[Result "1-0"]
[PlyCount "51"]
[EventDate "1986.02.25"]
1.e4 e5 2.Nf3 Nc6 3.Bb5 a6 4.Ba4 Nf6 5.O-O b5 6.Bb3 Be7 7.Re1 O-O 8.
c3 d6 9.h3 Be6 10.d4 Bd7 11.Nbd2 Qc8 12.Re3 h6 13.Nf1 Nd8 14.dxe5
dxe5 15.Nxe5 Bc5 16.Nxd7 Qxd7 17.Qxd7 Nxd7 18.Rg3 Kh7 19.Be3 f5 20.
exf5 Rxf5 21.Bc2 g6 22.Bxf5 gxf5 23.Rd1 Bxe3 24.Rxd7+ Kh8 25.Nxe3 f4
26.Rf3
1-0

[Event "Vårturnering"]
[Site "Ås"]
[Date "1986.05.13"]
[Round "9"]
[White "Grønvold, Jan"]
[Black "Lea, Per"]
[WhiteElo "1081"]
[BlackElo "1712"]
[Result "0-1"]
[PlyCount "81"]
[EventDate "1986.02.25"]
1.d4 d5 2.c4 e5 3.e3 exd4 4.Qxd4 Nf6 5.Nc3 Nc6 6.Qd1 Bb4 7.a3 Bxc3+
8.bxc3 Be6 9.cxd5 Bxd5 10.Nf3 O-O 11.Bb2 Qe7 12.c4 Be4 13.Be2 Rad8
14.Qa4 a6 15.O-O Ng4 16.Qb3 Rd6 17.h3 Rh6 18.Qc3 Nf6 19.Ng5 Bxg2 20.
Kxg2 Rg6 21.f4 Ne4 22.Qe1 Nxg5 23.fxg5 Qxg5+ 24.Bg4 h5 25.Rf4 hxg4 26.
Rxg4 Qf5 27.Rxg6 Qxg6+ 28.Qg3 Qc2+ 29.Qf2 Qxc4 30.Kh1 Qd5+ 31.Qg2
Qxg2+ 32.Kxg2 Rd8 33.Kg3 Rd2 34.Rb1 b6 35.Kf4 f6 36.Ke4 Rh2 37.Rg1
Rxb2 38.Kd5 Ne7+ 39.Ke6 Nc6 40.Kd7 Ne5+ 41.Kxc7
0-1

[Event "Vårturnering"]
[Site "Ås"]
[Date "1986.05.27"]
[Round "10"]
[White "Lea, Per"]
[Black "Larsen, Vidar Stave"]
[WhiteElo "1712"]
[BlackElo "720"]
[Result "1-0"]
[PlyCount "39"]
[EventDate "1986.02.25"]
1.e4 e5 2.Nf3 Nc6 3.Bb5 a6 4.Ba4 b5 5.Bb3 Nf6 6.O-O Bc5 7.c3 d5 8.
exd5 Na5 9.Re1 Bg4 10.Rxe5+ Kf8 11.h3 Bxf3 12.Qxf3 Qd6 13.d4 c6 14.
Bf4 Rd8 15.dxc6 Nxc6 16.Rxc5 Qxc5 17.dxc5 Nd5 18.Bd6+ Kg8 19.Bxd5 Rc8
20.Qxf7#
1-0

[Event "Vårturnering"]
[Site "Ås"]
[Date "1986.04.08"]
[Round "11"]
[White "Andenæs, Bjørn"]
[Black "Lea, Per"]
[WhiteElo "771"]
[BlackElo "1712"]
[Result "0-1"]
[PlyCount "52"]
[EventDate "1986.02.25"]
1.e4 e5 2.Nf3 Nc6 3.Bb5 a6 4.Ba4 Nf6 5.Nc3 b5 6.Bb3 Be7 7.d3 O-O 8.
O-O d6 9.h3 Na5 10.Nd5 Nxd5 11.Bxd5 c6 12.Bb3 Nxb3 13.axb3 f5 14.c3
Be6 15.b4 h6 16.Qe2 Qd7 17.d4 Bc4 18.Qe3 Bxf1 19.Kxf1 fxe4 20.Qxe4
exd4 21.Nxd4 d5 22.Qd3 Bf6 23.Nf5 Bxc3 24.Nxh6+ gxh6 25.Bxh6 Bg7 26.
Bxg7 Qxg7
0-1

[Event "Vårturnering"]
[Site "Ås"]
[Date "1986.??.??"]
[Round "?"]
[White "Kristiansen, Tore Knut"]
[Black "Hagen, Geir"]
[WhiteElo "1397"]
[BlackElo "809"]
[Result "0-1"]
[PlyCount "104"]
[EventDate "1986.02.25"]
1. c4 e5 2. Nc3 Nc6 3. e4 Nf6 4. Nf3 Bb4 5. d4 exd4 6. Nxd4 Nxd4 7. Qxd4 Qe7 8.
Bd3 b6 9. O-O Bc5 10. Nd5 Bxd4 11. Nxe7 Kxe7 12. Re1 Kd8 13. Rb1 Ba6 14. h3 Re8
15. Bf4 c6 16. b4 b5 17. c5 h6 18. Rbd1 g5 19. Bh2 d5 20. cxd6 Bc8 21. Rc1 Bd7
22. a3 a6 23. Bc2 Bb2 24. Rb1 Bxa3 25. Re3 Rc8 26. Rxa3 Nxe4 27. Re1 Nf6 28.
Rxe8+ Nxe8 29. Rxa6 c5 30. bxc5 Rxc5 31. Ra8+ Rc8 32. Rxc8+ Kxc8 33. Kf1 f6 34.
Ke2 Kb7 35. Be4+ Kb6 36. Kd3 Kc5 37. Kc3 Nxd6 38. Bxd6+ Kxd6 39. Kb4 Ke5 40.
Bd3 f5 41. Kc5 h5 42. Be2 g4 43. h4 Ke4 44. Kd6 Be8 45. Kc5 Bd7 46. f3+ Ke3 47.
fxg4 fxg4 48. Bxb5 Bxb5 49. Kxb5 g3 50. Kc5 Kf2 51. Kd5 Kxg2 52. Ke4 Kf2 0-1

[Event "Vårturnering"]
[Site "Ås"]
[Date "1986.??.??"]
[Round "?"]
[White "Skaug, Thorbjørn"]
[Black "Samset, Jon"]
[Result "1/2-1/2"]
[WhiteElo "1222"]
[BlackElo "955"]
[PlyCount "60"]
[EventDate "1986.02.25"]
1. b4 e5 2. Bb2 d6 3. c4 g6 4. e3 Bg7 5. b5 Nf6 6. Be2 O-O 7.
d3 a6 8. a4 axb5 9. axb5 Rxa1 10. Bxa1 Be6 11. Nd2 c6 12. Qb1 Nbd7 13. Ngf3 Bg4
14. h3 Bxf3 15. Bxf3 h6 16. bxc6 bxc6 17. Bxc6 Nh7 18. Bxd7 Qxd7 19. O-O f5 20.
Rc1 f4 21. Re1 Ng5 22. Qd1 Qf5 23. e4 Nxh3+ 24. Kf1 Qe6 25. Nf3 Ng5 26. Nxg5
hxg5 27. f3 Kf7 28. Kf2 Rh8 29. Rh1 Qe7 30. Rxh8 Bxh8 1/2-1/2

[Event "Vårturnering"]
[Site "Ås"]
[Date "1986.??.??"]
[Round "?"]
[White "Kristiansen, Tore Knut"]
[Black "Andenæs, Bjørn"]
[WhiteElo "1397"]
[BlackElo "771"]
[Result "1-0"]
[PlyCount "77"]
[EventDate "1986.02.25"]
1. c4 Nf6 2. Nc3 g6 3. Nf3 Bg7 4. e3 O-O 5. d4 e6 6. e4 d5 7. e5 Ne4 8. Nxe4
dxe4 9. Ng5 f5 10. h4 Nc6 11. d5 exd5 12. cxd5 Nxe5 13. Qb3 Qd6 14. h5 h6 15.
Ne6 Rf7 16. Bxh6 Bxh6 17. hxg6 Bd2+ 18. Kxd2 Nxg6 19. Rh6 Bxe6 20. Rxg6+ Rg7
21. Rxe6 Qf4+ 22. Qe3 Qxe3+ 23. Kxe3 Rh7 24. Bc4 Kf7 25. d6 cxd6 26. Rxd6+ Ke7
27. Re6+ Kd7 28. Rd1+ Kc7 29. Rd5 Rf8 30. b4 Rh2 31. g3 b6 32. Re7+ Kb8 33.
Rdd7 a5 34. Rb7+ Kc8 35. Be6+ Kd8 36. Rbd7+ Kc8 37. Rd6+ Kb8 38. Rxb6+ Ka8 39.
Bd5# 1-0

[Event "Vårturnering"]
[Site "Ås"]
[Date "1986.??.??"]
[Round "?"]
[White "Larsen, Vidar Stave"]
[Black "Flø, Ivar Jan"]
[WhiteElo "720"]
[BlackElo "793"]
[Result "1-0"]
[PlyCount "69"]
[EventDate "1986.02.25"]
1. e4 e5 2. Nf3 Nc6 3. Bc4 Nf6 4. Ng5 Qe7 5. O-O h6 6. Nxf7 Rh7 7. a3 Nxe4 8.
Qh5 Nd8 9. Nxh6+ Nf7 10. Bxf7+ Kd8 11. Bg8 Nf6 12. Nf7+ Ke8 13. Qg6 Nxg8 14.
Nh8+ Kd8 15. Qxh7 Nf6 16. Qd3 d5 17. Nc3 d4 18. Ne4 Bf5 19. f3 Ke8 20. Qb5+ Bd7
21. Qxb7 Rc8 22. Ng6 Qd8 23. Nxe5 Bf5 24. b4 Qd5 25. Qxc8+ Bxc8 26. Re1 Qxe5
27. Nxf6+ gxf6 28. Rxe5+ fxe5 29. c3 c5 30. h4 cxb4 31. axb4 a6 32. Ra5 Bd6 33.
h5 Bb7 34. h6 dxc3 35. dxc3 {...} 1-0

[Event "Vårturnering"]
[Site "Ås"]
[Date "1986.??.??"]
[Round "?"]
[White "Grønvold, Jan"]
[Black "Larsen, Vidar Stave"]
[WhiteElo "1081"]
[BlackElo "720"]
[Result "1-0"]
[PlyCount "57"]
[EventDate "1986.02.25"]
1. d4 d5 2. c4 Nf6 3. Nc3 e6 4. Bg5 Be7 5. Nf3 O-O 6. e3 Nc6 7. Bd3 a6 8. O-O
b5 9. cxb5 axb5 10. Bxb5 Nb4 11. a3 Na6 12. b4 Bd6 13. Qd3 g6 14. Ne5 Be7 15.
Nc6 Qd6 16. Nxe7+ Qxe7 17. e4 Rd8 18. e5 Qf8 19. Bxf6 Bb7 20. Bxd8 Qxd8 21.
Rac1 Qe7 22. Bxa6 Bxa6 23. b5 Bb7 24. a4 Qb4 25. Rb1 Qa5 26. Qd1 Qxc3 27. Rc1
Qa5 28. Qc2 Rc8 29. h4 1-0

[Event "Vårturnering"]
[Site "Ås"]
[Date "1986.??.??"]
[Round "?"]
[White "Roberts, Dewi S"]
[Black "Johansen, Anders Sten"]
[Result "0-1"]
[WhiteElo "989"]
[BlackElo "1182"]
[PlyCount "62"]
[EventDate "1986.02.25"]
1. e4 e5 2. Nf3 Nc6 3. Bc4 Nf6 4. O-O Be7 5. Nc3 Nxe4 6. Bxf7+ Kxf7 7. Nxe4 Rf8
8. d3 Kg8 9. c3 d5 10. Neg5 h6 11. Nh3 Bxh3 12. gxh3 Qd7 13. Kg2 Qf5 14. Ng1
Nd8 15. Qg4 Ne6 16. Qxf5 Rxf5 17. Ne2 Raf8 18. Ng3 Rf3 19. Bd2 Rxd3 20. Rad1
Rdf3 21. Be3 c6 22. Bxa7 Bc5 23. Bxc5 Nxc5 24. Nh1 Nd3 25. Rd2 e4 26. Ng3 Nf4+
27. Kh1 Nxh3 28. Ne2 Rxf2 29. Rxf2 Rxf2 30. Rc2 Nf4 31. Nd4 Rf1# 0-1

[Event "Vårturnering"]
[Site "Ås"]
[Date "1986.??.??"]
[Round "?"]
[White "Kristiansen, Tore Knut"]
[Black "Flø, Ivar Jan"]
[WhiteElo "1397"]
[BlackElo "793"]
[Result "1-0"]
[PlyCount "75"]
[EventDate "1986.02.25"]
1. d4 Nc6 2. e4 Nf6 3. e5 Nd5 4. Nf3 d6 5. c4 Nb6 6. Be2 d5 7. c5 Nd7 8. O-O f6
9. exf6 Nxf6 10. Ne5 Nxe5 11. dxe5 Ne4 12. b4 a5 13. f3 Ng3 14. hxg3 e6 15. Qd4
b6 16. Bb5+ Bd7 17. c6 Bc8 18. Bd2 Ba6 19. Na3 Be7 20. Qg4 Bc8 21. Bd3 O-O 22.
Nb5 d4 23. Nxd4 axb4 24. Nxe6 Bxe6 25. Qxe6+ Kh8 26. Qc4 Ra3 27. Bxb4 Bxb4 28.
Qxb4 Rxd3 29. Rae1 Qd4+ 30. Qxd4 Rxd4 31. e6 Re8 32. f4 Rd6 33. f5 g6 34. f6
Rexe6 35. Rxe6 Kg8 36. f7+ Kf8 37. Re8+ Kg7 38. f8=Q# 1-0

[Event "Vårturnering"]
[Site "Ås"]
[Date "1986.??.??"]
[Round "?"]
[White "Skotland, Petter"]
[Black "Hagen, Geir"]
[WhiteElo "751"]
[BlackElo "809"]
[Result "1-0"]
[PlyCount "89"]
[EventDate "1986.02.25"]

1. e4 e5 2. Nf3 Nc6 3. Bc4 Nf6 4. Ng5 d5 5. Bxd5 Nxd5 6. Nxf7 Kxf7 7. Qh5+ g6
8. Qf3+ Nf6 9. Qb3+ Be6 10. Qxb7 Nd4 11. Na3 Bxa3 12. O-O Nxc2 13. Rb1 Bc5 14.
d3 Ng4 15. Bd2 Rb8 16. Qc6 Be7 17. Qxc2 Rf8 18. h3 Nf6 19. Ba5 Bd6 20. Rfc1 Rc8
21. a3 h5 22. Qc3 Qd7 23. Rc2 Kg7 24. Qd2 Qb5 25. Rbc1 c5 26. b4 Nd7 27. Ra1
Bb3 28. Rb2 c4 29. dxc4 Qxc4 30. Qxd6 Nf6 31. Qxe5 Qxe4 32. Qxe4 Nxe4 33. Rxb3
Rxf2 34. Re1 Rf4 35. b5 Nd2 36. Bxd2 Rf7 37. a4 Rb8 38. Rbe3 a6 39. Bc3+ Kh7
40. bxa6 Ra8 41. Re6 Kg8 42. Rxg6+ Kf8 43. Bb4+ Re7 44. Rxe7 h4 45. Rf6+ 1-0

[Event "Vårturnering"]
[Site "Ås"]
[Date "1986.??.??"]
[Round "?"]
[White "Samset, Jon"]
[Black "Grønvold, Jan"]
[WhiteElo "955"]
[BlackElo "1081"]
[Result "0-1"]
[PlyCount "86"]
[EventDate "1986.02.25"]

1. e4 c5 2. Nf3 d6 3. d4 cxd4 4. Nxd4 Nf6 5. Nc3 e5 6. Nf3 a6 7. g3 Bg4 8. Bg2
Nc6 9. Be3 Qa5 10. Rb1 Nxe4 11. O-O Nf6 12. Qd2 Be7 13. h3 Be6 14. a3 O-O 15.
Qe2 Qc7 16. g4 Rac8 17. g5 Nd7 18. Nh4 g6 19. f4 exf4 20. Bxf4 Nd4 21. Qd1 Nf5
22. Qe1 Rce8 23. Nf3 Bc4 24. Ne2 Qb6+ 25. Kh1 Nc5 26. Qd1 Bxe2 27. Qxe2 Bxg5
28. Qd2 Ne4 29. Qc1 Bxf4 30. Qxf4 Neg3+ 31. Kh2 Nxf1+ 32. Bxf1 Qf2+ 33. Bg2 Re2
34. Rg1 Rxc2 35. Kh1 Ng3+ 36. Kh2 Nf1+ 37. Kh1 Ne3 38. Qh6 f6 39. Nh4 Nf5 40.
Bd5+ Rf7 41. Rxg6+ Kh8 42. Rg2 Qxg2+ 43. Nxg2 Nxh6 0-1

[Event "Vårturnering"]
[Site "Ås"]
[Date "1986.??.??"]
[Round "?"]
[White "Kristiansen, Tore Knut"]
[Black "Grønvold, Jan"]
[WhiteElo "1397"]
[BlackElo "1081"]
[Result "1-0"]
[PlyCount "65"]
[EventDate "1986.02.25"]

1. c4 c5 2. Nc3 Nf6 3. Nf3 Nc6 4. e3 g6 5. d4 cxd4 6. exd4 Bg7 7. d5 Nb4 8. a3
Na6 9. b4 b6 10. Bb2 Bb7 11. Be2 O-O 12. O-O d6 13. Nd4 Qd7 14. Bf3 Rac8 15.
Qd3 Nc7 16. Rfe1 Rfe8 17. h3 a6 18. a4 e5 19. dxe6 Nxe6 20. Nxe6 fxe6 21. Bxb7
Qxb7 22. b5 Rcd8 23. bxa6 Qxa6 24. Nb5 Qb7 25. Nxd6 Qd7 26. Red1 Rf8 27. Qb3
Qc6 28. c5 bxc5 29. Qxe6+ Kh8 30. Nf7+ Rxf7 31. Qxc6 Nd7 32. Bxg7+ Kxg7 33. a5
1-0

[Event "Vårturnering"]
[Site "Ås"]
[Date "1986.??.??"]
[Round "?"]
[White "Johansen, Anders Sten"]
[Black "Kristiansen, Tore Knut"]
[WhiteElo "1182"]
[BlackElo "1397"]
[Result "1-0"]
[PlyCount "70"]
[EventDate "1986.02.25"]

1. e4 e5 2. Nf3 Nc6 3. Bb5 a6 4. Ba4 Nf6 5. Nc3 Bc5 6. O-O b5 7. Bb3 d6 8. h3
Be6 9. Nd5 Nxe4 10. Qe2 Bxf2+ 11. Rxf2 Nxf2 12. Qxf2 Ne7 13. Nxe7 Qxe7 14. Bxe6
fxe6 15. d3 O-O 16. Be3 Rf7 17. Rf1 h6 18. Qg3 Kh7 19. Bg5 Qd7 20. Rf2 Raf8 21.
Qh4 Qc6 22. Qg3 Rxf3 23. Rxf3 Rxf3 24. gxf3 hxg5 25. Qxg5 Qxf3 26. Qh4+ Kg6 27.
Qg4+ Qxg4+ 28. hxg4 Kg5 29. Kf2 Kxg4 30. a3 g5 31. b3 Kh3 32. Kf3 g4+ 33. Kf2
Kh2 34. c4 g3+ 35. Kf1 g2+ 1-0

[Event "Vårturnering"]
[Site "Ås"]
[Date "1986.??.??"]
[Round "?"]
[White "Samset, Jon"]
[Black "Flø, Ivar Jan"]
[WhiteElo "955"]
[BlackElo "793"]
[Result "1-0"]
[PlyCount "51"]
[EventDate "1986.02.25"]

1. e4 e5 2. Nf3 f6 3. Bc4 Bc5 4. O-O Ne7 5. Nh4 g6 6. Kh1 d5 7. exd5 Nxd5 8. d3
f5 9. Nf3 Nc6 10. Qe2 Bd6 11. Bxd5 Ne7 12. Bg5 h6 13. Bxe7 Qxe7 14. Nc3 c6 15.
Bb3 g5 16. Rfe1 g4 17. Nxe5 f4 18. Ng6 Qe6 19. Bxe6 Bd7 20. Bxd7+ Kf7 21. Qe6+
Kg7 22. Qxd6 h5 23. Re7+ Kh6 24. Nf8+ Kg5 25. Ne4+ Kh4 26. Qf6# 1-0

[Event "Vårturnering"]
[Site "Ås"]
[Date "1986.??.??"]
[Round "?"]
[White "Roberts, Dewi S"]
[Black "Larsen, Vidar Stave"]
[WhiteElo "989"]
[BlackElo "720"]
[Result "1-0"]
[PlyCount "55"]
[EventDate "1986.02.25"]

1. e4 e5 2. Nf3 Nc6 3. Bc4 Nf6 4. Ng5 d5 5. exd5 Nxd5 6. Qf3 Be6 7. Nxe6 fxe6
8. Nc3 Nce7 9. Qh5+ Ng6 10. O-O Qf6 11. f4 Bc5+ 12. Kh1 exf4 13. Nxd5 exd5 14.
Re1+ Be7 15. Bxd5 O-O-O 16. Qh3+ Kb8 17. Qb3 b6 18. a4 Qg5 19. Be4 Nh4 20. a5
Bc5 21. axb6 cxb6 22. d3 Rhf8 23. g3 Bf2 24. Bxf4+ Rxf4 25. gxf4 Qxf4 26. Rf1
Qe3 27. Qf7 Bg3 28. Qb7# 1-0